|
|
|
|
| LEADER |
00000nab a2200000uu 4500 |
| 001 |
vtls011445212 |
| 003 |
SK-MaSNL |
| 005 |
20260303215032.0 |
| 008 |
230313|1971 xo |||||||||||||||||slo| |
| 015 |
|
|
|a SNBRB
|
| 035 |
|
|
|a (urnnbn)urn:nbn:sk:snk:ar-003wvu
|
| 035 |
|
|
|a (uuid)3591657f-47b4-4ef3-b442-140385594999
|
| 035 |
|
|
|a urn:nbn:sk:snk-abcilf
|
| 040 |
|
|
|a SNKBUCL
|b slo
|c SNKBUCL
|e AACR2
|
| 041 |
0 |
|
|a slo
|
| 044 |
|
|
|a xo
|c SK
|
| 100 |
1 |
|
|a Lautréamont,
|c comte de,
|d 1846-1870
|4 aut
|9 56439
|
| 245 |
1 |
0 |
|a SPEVY MALDOROROVE
|c Isidore Ducasse Comte De Lautréamont, M. J., Vladimír Reisel, Michaela Jurovská
|
| 700 |
1 |
|
|a Jurovská, Michaela,
|d 1943-
|4 trl
|9 12906
|
| 700 |
1 |
|
|a M. J.
|4 aut
|9 282015
|
| 700 |
1 |
|
|a Reisel, Vladimír,
|d 1919-2007
|4 trl
|9 108091
|
| 773 |
0 |
|
|t Revue svetovej literatúry
|g Roč. 7, č. 1 (1971), s. 77-92
|
| 958 |
|
|
|a OND
|
| 958 |
|
|
|a EUIPO
|
| 958 |
|
|
|a article16
|
| 999 |
|
|
|c 2219779
|d 2221709
|